College Quizbowl Stats
College Quizbowl Stats
Circuits
Seasons
Sets
Records
Detailed Stats
About
Loading...
2023 ACF Nationals
Tossups
Bonuses
Players
Teams
Categories (Tossup)
Categories (Bonus)
Henry Lytle
WUSTL B
Categories
Category
Powers
Gets
Negs
BBs
Points
Earliest Buzz
Avg. Buzz
First Buzzes
Top 3 Buzzes
Literature - American Literature
0
1
0
0
10
116
116.00
0
0
Other Academic
0
1
0
0
10
140
140.00
0
0
Social Science
0
1
1
0
5
72
72.00
0
0
Buzzes
Category
Answer
Value
Buzz Position
Social Science
political parties
10
72
Social Science
barriers to entry
-5
95
Science - Biology
catatonia
10
101
Literature - American Literature
rain
10
116
Other Academic
barbershops
10
140
Literature - American Literature
James Merrill
10
141
Other Academic
fox hunting
10
156
Previous
1
Next